000 00472nam a2200145 i 4500
001 39670
003 ES-MaACL
007 t|
008 030303s1923 ag ||||1| spa d
100 1 _aCancela, Arturo.
_934430
245 1 0 _aTres relatos porteños
_b: el cocobacilo de Herrlin, una semana de holgorio, el culto de los héroes /
_cde Arturo Cancela.
260 _aBuenos Aires :
_b[s.n.,
_c1923] (
_fM. Gleizer)
300 _a233 p. ;
_c19 cm.
852 _aES-MaACL
_jG-3208
999 _c39670
_d39670